000 01090cab a2200337 4500
001 ABS50069
008 090401t1994 xxu||||| |||| 00| 0 eng d
035 _a(Sirsi) u73983
041 _aeng
245 _aPlumbing and drainage
260 _c1994
350 _a0
490 _aBuilding
_v259(7831) 18 February 1994, 34-42(8)
520 _aA special feature, which covers microtunnelling techniques, leakage from septic tanks and the failure of planning and building regulations to prevent this and registration of plumbers.
650 _aBUILDING REGULATIONS
_96224
650 _aDRAINS
650 _aINSTITUTE OF PLUMBING
650 _aMICROTUNNELLING
650 _aNATIONAL ASSOCIATION OF PLUMBING HEATING & MECHANICAL SERVICES
650 _aPLUMBERS
650 _aREGISTRATION
650 _aPROPERTY-INFRASTRUCTURE-TRANSPORT INFRASTRUCTURE-ROAD INFRASTRUCTURE
650 _aSEPTIC TANKS
650 _aSEWAGE
650 _aSEWERAGE
650 _aTUNNELLING
650 _aWATER POLLUTION
690 _aBUILT ENVIRONMENT
942 _n0
948 _c04/03/1997
999 _c46696
_d46696